01194 2200397 4500001002100000005001500021035002500036008004100061020002100102040001700123082001400140090002100154090002200175100001700197245017000214250001700384260004200401300004200443650002200485700002500507700001700532700001600549850001200565007000300577084001700580504002500597999002200622990001800644990001800662990001800680990002200698990002200720990001800742990001800760990001800778INLIS00000000000492420200622074230 a0010-051500000000057150504s2014 yoia g ind d a978-9799-29-2123 aYOPDYOGbind04222a616.8 bDEP 616.8 DIT e aCB-D.11 2014-15070 aDito Anurogo00a45 penyakit dan gangguan saraf :bdeteksi dini & atasi 45 penyakit dan gangguan saraf /cDito Anurogo dan Fritz Sumantri Usman; penyunting, Taruna Ikrar, Aldo Sahala aEd. 1 Cet. 13 aYogyakarta :bRapha Publishing,c2014 axv, 292 halaman :bilustrasi ;c21 cm 4aSaraf--xPenyakit0 aFritz Sumantri Usman0 aTaruna Ikrar0 aAldo Sahala aYOPDYOGta a616.8 DIT e aTermasuk Bibliografi aCB-D.11/2014-1507 a15647-PD/B.15 a15648-PD/B.15 a15649-PD/B.15 aCB-D.11/2014-1507 aCB-D.11/2014-1507 a15647-PD/B.15 a15648-PD/B.15 a15649-PD/B.15